000 01098nam a22003257a 4500
003 CHAP
005 20220329143128.0
008 060605d mx r 00110 spa d
010 _a92358
011 _a93330
035 _a103902
040 _cCHAP
090 _aFolleto 17078
100 0 0 _aNoyola Gutiérrez, Pablo.
_982083
245 1 0 _aProyecto de un muro de contención
_c/por Pablo Noyola Gutiérrez
260 _a[s.l.] :
_b[s.e.],
_c[s.a.]
300 _a18 h. :
_bilus.
590 _aBATCH-UPD
_b10
_c20130110
_lUCH01
_h1808
590 _aBATCH-UPD
_b10
_c20130410
_lUCH01
_h1143
590 _aBATCH-UPD
_b10
_c20130914
_lUCH01
_h1834
590 _aCONVERSION
_b10
_c20130109
_lUCH01
_h1351
650 1 4 _aMuros de contención.
_979791
901 _aBK
905 _aLilia
942 _cFOLL
949 _aFolleto 17078
_bBC
_cFOLL
_d00000001039021
_eTS1
_i103902
_sb
949 _aFolleto 17078
_bBC
_cFOLL
_d00000001039022
_eTS2
_fc.2
_i103902
_sb
949 _aFolleto 17078
_bBC
_cFOLL
_d00000001039023
_eTS2
_fc.3
_i103902
_sb
949 _aFolleto 17078
_bBC
_cFOLL
_d00000001039024
_eTS2
_fc.4
_i103902
_st
999 _c92358
_d92358